<?xml version="1.0" encoding="utf-8"?>
<?xml-stylesheet type='text/xsl' href='./oai2.xsl'?>
<OAI-PMH xmlns="http://www.openarchives.org/OAI/2.0/" xmlns:xsi="http://www.w3.org/2001/XMLSchema-instance" xsi:schemaLocation="http://www.openarchives.org/OAI/2.0/ http://www.openarchives.org/OAI/2.0/OAI-PMH.xsd">
  <responseDate>2026-05-11T06:42:41Z</responseDate>
  <request verb="GetRecord" metadataPrefix="marcxml" identifier="record_kuniweb_23596">https://kulturerbe.niedersachsen.de/oai</request>
  <GetRecord>
    <record>
      <header>
        <identifier>record_kuniweb_23596</identifier>
        <datestamp>2021-03-24T08:59:20Z</datestamp>
        <setSpec>slg0130</setSpec>
      </header>
      <metadata>
        <marc:record xmlns:marc="http://www.loc.gov/MARC21/slim" xsi:schemaLocation="http://www.loc.gov/MARC21/slim http://www.loc.gov/standards/marcxml/schema/MARC21slim.xsd">
          <marc:leader>12345nrm  22     uu 4500</marc:leader>
          <marc:controlfield tag="001">23596</marc:controlfield>
          <marc:controlfield tag="003">http://kuniweb.gbv.de</marc:controlfield>
          <marc:controlfield tag="005">2014-12-08T10:36:06</marc:controlfield>
          <marc:controlfield tag="008">|           ||||||||||||||||||||||</marc:controlfield>
          <marc:datafield tag="245" ind1="1" ind2="0">
            <marc:subfield code="a">Feinwaage (Münzwaage)</marc:subfield>
          </marc:datafield>
          <marc:datafield tag="655" ind1=" " ind2="7">
            <marc:subfield code="a">Alltagskultur</marc:subfield>
          </marc:datafield>
          <marc:datafield tag="046" ind1=" " ind2=" ">
            <marc:subfield code="k">1798</marc:subfield>
            <marc:subfield code="k">1798</marc:subfield>
          </marc:datafield>
          <marc:datafield tag="260" ind1=" " ind2=" ">
            <marc:subfield code="g">1798</marc:subfield>
            <marc:subfield code="g">1798</marc:subfield>
          </marc:datafield>
          <marc:datafield tag="300" ind1=" " ind2=" ">
            <marc:subfield code="a">Länge: 15 cm (Balken der Waage)
Durchmesser: 3,8 cm (Waageteller (Waagschalen))
Tiefe: 9,2 cm (Tiefe, Länge Holzkasten)
Breite: 18 cm (Holzkasten)
Höhe: 2 cm (Holzkasten)</marc:subfield>
          </marc:datafield>
          <marc:datafield tag="520" ind1=" " ind2=" ">
            <marc:subfield code="a">Holzkasten mit 1 Feinwaage (Münzwaage) und Satz aus 18 Gewichten mit quadratischem Grundriss (und 7 Gewichtsplättchen). Die Gewichte tragen bis auf eine Ausnahme (1/2 Neue Ls.D'Or) alle das Zeichen der Lilie.

Hersteller: Diedr. Pet. Poppenberg, Sprockhövel, Amt Blankenstein, Grafschaft Mark.

Gewichtsbzeichnungen und Gewichte:
2 Neue Ls.D'OR (15,32 g)
2 PISTOL (13,49 g)
1 SEVER (11,11g g)
1 CARLIN (9,71 g)
1 GINNEE (8,18 g)
1 Ls.DO'R S (8,13 g)
1 Neue Ls.D'OR (7,66 g)
2 DUCAT (6,97 g)
1 PISTOL (6,75 g)
1 MAXD (6,47 g)
1/2 SEVER (5,55 g)
1/2 CARLIN (4,81 g)
1/2 Ls.D'OR S (4,07 g)
1/2 NEUE Ls.D'OR S (3,84 g)
1/2 GINEE (4,10 g)
1 DUCAT (3,48 g)
1/2 MAXD (3,24 g)
1/2 PISTOL (3,37 g) (Oberharzer Bergwerksmuseum)

Inschrift:
Waag und Gewicht macht von Sr. Koenigl. Majestaet von PREUSSEN allergnädigst privil. Ihctmacher [sic] DIEDR. PET. POPPENBERG, bey Sprockhoevel im Amt Blankenstein, in der Grafsch. Mark, Anno 1798 (Kastendeckel, innen)

Inschrift:
Justirt (Kastendeckel, innen)</marc:subfield>
          </marc:datafield>
          <marc:datafield tag="650" ind1="1" ind2=" ">
            <marc:subfield code="a">Messgerät, Anzeigegerät, Datenschreiber &gt; Waage &gt; Feinwaage</marc:subfield>
          </marc:datafield>
          <marc:datafield tag="650" ind1="1" ind2=" ">
            <marc:subfield code="a">Feinwaagen</marc:subfield>
          </marc:datafield>
          <marc:datafield tag="773" ind1="0" ind2=" ">
            <marc:subfield code="t">Silber und Münzwesen</marc:subfield>
          </marc:datafield>
          <marc:datafield tag="852" ind1=" " ind2=" ">
            <marc:subfield code="a">Oberharzer Bergwerksmuseum</marc:subfield>
          </marc:datafield>
          <marc:datafield tag="852" ind1=" " ind2=" ">
            <marc:subfield code="a">Sprockhövel</marc:subfield>
          </marc:datafield>
          <marc:datafield tag="" ind1=" " ind2=" ">
            <marc:subfield code="a">Namensnennung - Weitergabe unter gleichen Bedingungen 4.0 International (CC BY-SA 4.0)</marc:subfield>
          </marc:datafield>
        </marc:record>
      </metadata>
    </record>
  </GetRecord>
</OAI-PMH>
